| 000 | 01158cam a22002531 4500 | ||
|---|---|---|---|
| 001 | gs 27000340 | ||
| 003 | DLC | ||
| 005 | 20260227111332.0 | ||
| 008 | 911112s1927 ag a b 000 0 spa c | ||
| 010 | _ags 27000340 | ||
| 035 | _a(OCoLC)24767208 | ||
| 040 |
_aLibrary, U. S. Geological Survey _cTxU _dTxU _dDLC |
||
| 042 | _apremarc | ||
| 050 | 0 | 0 |
_aQE231 _b.A35 no. 33 |
| 100 | 1 |
_aWichmann, Richard, _d1881-1930. |
|
| 245 | 1 | 0 |
_aResultados de un viaje de estudios geológicos en los territorios del Río Negro y del Chubut, _befectuado durante los meses de enero hasta junio del año 1923, _cpor Ricardo Wichmann ... |
| 260 |
_aBuenos Aires, _bTalleres gráficos del Ministerio de agricultura de la nación, _c1927. |
||
| 300 |
_a59 p. incl. illus. _c27 cm. |
||
| 490 | 1 |
_a[Argentine Republic] Dirección general de minas, geología e hidrología. Publicación _vno. 33 |
|
| 500 | _aAt head of title: República Argentina. Ministerio de agricultura de la nación. | ||
| 504 | _a"Bibliografía": p.32-33. | ||
| 650 | 0 |
_aGeology _zPatagonia (Argentina and Chile) |
|
| 810 | 1 |
_aArgentina. _bDirección General de Minas y Geología. _tPublicación ; _vno. 33. |
|
| 999 |
_c26592 _d26592 |
||